|
|
|
|
| LEADER |
00000nas a2200000 a 4500 |
| 001 |
ssj0000399085 |
| 003 |
WaSeSS |
| 005 |
20200512172242.0 |
| 006 |
m d |
| 007 |
cr n |
| 008 |
890727c19899999fr ar ss i0 b0eng c |
| 010 |
|
|
|a 90648497
|z sn 89013659
|
| 016 |
7 |
|
|a 007176563
|2 Uk
|
| 016 |
7 |
|
|a 009563665
|2 Uk
|
| 016 |
|
|
|a (AMICUS)000009672424
|
| 016 |
|
|
|a (AMICUS)000009231088
|
| 022 |
|
|
|l 1017-9402
|y 1017-9402
|
| 035 |
|
|
|a (WaSeSS)ssj0000399085
|
| 040 |
|
|
|a IAI
|b eng
|c IAI
|d NST
|d DLC
|d NST
|d ELM
|d DLC
|d HUL
|d NYG
|d HUL
|d NST
|d MYG
|d NST
|d GUA
|d CLU
|d WAU
|d IUL
|d SYS
|d GUA
|d OCLCQ
|d IUL
|d MYG
|d OCL
|d OCLCA
|d NLGGC
|d OCLCQ
|d UKMGB
|d INU
|d OCLCF
|d BEDGE
|d OCLCO
|d NLC
|d GILDS
|d OCLCA
|d OCLCO
|d WaSeSS
|
| 041 |
0 |
|
|a eng
|a fre
|
| 042 |
|
|
|a pcc
|
| 050 |
0 |
0 |
|a HD9698.A1
|b E4
|
| 245 |
0 |
0 |
|a Nuclear energy data
|h [electronic resource] /
|c OECD = Données sur l'énergie nucléaire / OCDE.
|
| 246 |
3 |
1 |
|a Données sur l'énergie nucléaire
|
| 260 |
|
|
|a Paris :
|b Nuclear Energy Agency ;
|a Washington, DC :
|b OECD Publications and Information Centre, distributor,
|c 1989-
|
| 310 |
|
|
|a Annual
|
| 362 |
0 |
|
|a 1989-
|
| 506 |
|
|
|a License restrictions may limit access.
|
| 546 |
|
|
|a English and French.
|
| 588 |
|
|
|a Latest issue consulted: 1993.
|
| 650 |
|
0 |
|a Nuclear industry
|v Statistics
|v Periodicals.
|
| 650 |
|
0 |
|a Nuclear power plants
|v Statistics
|v Periodicals.
|
| 650 |
|
0 |
|a Electric utilities
|v Statistics
|v Periodicals.
|
| 650 |
|
0 |
|a Reactor fuel reprocessing
|v Statistics
|v Periodicals.
|
| 650 |
1 |
7 |
|a Kernenergie.
|2 gtt
|
| 650 |
|
7 |
|a Electric utilities.
|2 fast
|0 (OCoLC)fst00905974
|
| 650 |
|
7 |
|a Nuclear industry.
|2 fast
|0 (OCoLC)fst01040250
|
| 650 |
|
7 |
|a Nuclear power plants.
|2 fast
|0 (OCoLC)fst01040436
|
| 650 |
|
7 |
|a Reactor fuel reprocessing.
|2 fast
|0 (OCoLC)fst01090525
|
| 650 |
|
7 |
|a Energie nucléaire.
|2 eclas
|
| 650 |
|
7 |
|a Prévisions économiques.
|2 eclas
|
| 650 |
|
7 |
|a Statistiques énergétiques.
|2 eclas
|
| 650 |
|
7 |
|a Annuaires.
|2 eclas
|
| 650 |
|
7 |
|a Organisation de coopération et de développement économiques.
|2 eclas
|
| 655 |
|
0 |
|a Electronic journals.
|
| 710 |
2 |
|
|a OECD Nuclear Energy Agency.
|
| 780 |
0 |
0 |
|t Electricity, nuclear power, and fuel cycle in OECD countries
|w (DLC) 88651711
|w (OCoLC)17896761
|
| 850 |
|
|
|a AU
|a AzTeS
|a CLU
|a CSt
|a CU-Riv
|a CU-S
|a CaOTU
|a DLC
|a DeU
|a GU
|a ICarbS
|a InLP
|a InU
|a MBU
|a MCM
|a MH-BA
|a MH-KG
|a MiU
|a N
|a NBuU-SE
|a NIC
|a NNC
|a NN
|a NcD
|a NjP
|a NmU
|a OCU
|a PPD
|a PU-W
|a TU
|a WaU
|
| 853 |
3 |
3 |
|8 1
|a (year)
|w a
|
| 856 |
4 |
0 |
|z Full text available from Research Library: 01/01/2012 to 6 months ago
|u https://search.proquest.com/publication/2026409
|
| 863 |
4 |
0 |
|8 1.1
|a 1989
|